Stations afkortingen namen - Statistieken

Algemene statistieken
  • Deze quiz is 7 keer genomen
  • De gemiddelde score is 54 van 398
Antwoordstatistieken
Hint Antwoord % Correct
Oss O
57%
Abcoude ac
43%
Arnhem Centraal Ah
43%
Akkrum akm
43%
Almere Centrum Alm
43%
Dieren Dr
43%
Heerenveen Hr
43%
Kampen Kpn
43%
Kampen Zuid Kpnz
43%
Leeuwarden Lw
43%
Leeuwarden Camminghaburen Lwc
43%
Nijmegen Nm
43%
Rheden Rh
43%
Rosmalen Rs
43%
Reuver Rv
43%
Soest St
43%
Venlo Vl
43%
Zevenaar Zv
43%
Arnhem Zuid Ahz
29%
Arkel Akl
29%
Amersfoort Centraal Amf
29%
Amersfoort Schothorst Amfs
29%
Alkmaar amr
29%
Apeldoorn Apd
29%
Apeldoorn De Maten Apdm
29%
Amsterdam Centraal Asd
29%
Assen Asn
29%
Aalten atn
29%
Beilen Bl
29%
Borne Bn
29%
Driebergen-Zeist Db
29%
Dalfsen Dl
29%
Eindhoven Centraal Ehv
29%
Gouda Gd
29%
Goor Go
29%
Harderwijk Hd
29%
Hengelo Hgl
29%
Hengelo Gezondheidspark Hglg
29%
Hengelo Oost Hglo
29%
Hoorn Hn
29%
Heino Hno
29%
's-Hertogenbosch Ht
29%
Houten Htn
29%
Hilversum Hvs
29%
Heerhugowaard Hwd
29%
Lochem Lc
29%
Landgraaf Lg
29%
Middelburg Mdb
29%
Meppel Mp
29%
Maastricht Mt
29%
Maastricht Noord Mtn
29%
Nieuw Amsterdam Na
29%
Nijmegen Heyendaal Nmh
29%
Nijverdal Nvd
29%
Nieuw Vennep Nvp
29%
Ommen Omn
29%
Olst Ost
29%
Oss West Ow
29%
Purmerend Overwhere Pmo
29%
Purmerend Pmr
29%
Putten Pt
29%
Raalte Rat
29%
Roodeschool Rd
29%
Rhenen Rhn
29%
Ruurlo Rl
29%
Roermond Rm
29%
Rijssen Rsn
29%
Rotterdam Blaak Rtb
29%
Rotterdam Centraal Rtd
29%
Rotterdam Noord Rtn
29%
Rotterdam Zuid Rtz
29%
Schin op Geul Sog
29%
Sittard Std
29%
Tilburg Tb
29%
Tilburg Universiteit Tbu
29%
Tiel Tl
29%
Utrecht Centraal Ut
29%
Utrecht Leidsche Rijn Utlr
29%
Utrecht Maliebaan Utm
29%
Utrecht Overvecht Uto
29%
Utrecht Terwijde Utt
29%
Voorhout Vh
29%
Vriezenveen Vz
29%
Woerden Wd
29%
Wierden Wdn
29%
Wijhe Wh
29%
Workum Wk
29%
Weesp Wp
29%
Winschoten Ws
29%
Winterswijk Ww
29%
Winterswijk West Www
29%
Zetten-Andelst Za
29%
Zuidbroek Zb
29%
Zaandam Zd
29%
Zuidhorn Zh
29%
Zwolle Zl
29%
Zwolle Stadshagen Zlsh
29%
Zutphen Zp
29%
Zoetermeer Ztm
29%
Zwijndrecht Zwd
29%
Arnhem Velperpoort Ahp
14%
Arnhem Presikhaaf Ahpr
14%
Almere Buiten Almb
14%
Almere Muziekwijk Almm
14%
Almere Oostvaarders Almo
14%
Almere Parkwijk Almp
14%
Almelo aml
14%
Almelo de Riet Amri
14%
Alkmaar Noord amrn
14%
Anna Paulowna Ana
14%
Apeldoorn Osseveld Apdo
14%
Arnemuiden Arn
14%
Amsterdam Amstel Asa
14%
Amsterdam Bijlmer ArenA Asb
14%
Amsterdam ArenA Asdar
14%
Amsterdam Holendrecht Asdh
14%
Amsterdam Lelylaan Asdl
14%
Amsterdam Muiderpoort Asdm
14%
Amsterdam Zuid Asdz
14%
Amsterdam Sloterdijk Ass
14%
Amsterdam Science Park Assp
14%
Breda Bd
14%
Bunde Bde
14%
Baflo Bf
14%
Bilthoven Bhv
14%
Buitenpost Bp
14%
Blerick Br
14%
Barendrecht Brd
14%
Baarn Brn
14%
Beesd Bsd
14%
Beverwijk Bv
14%
Cuijk Ck
14%
Coevorden Co
14%
Chevremont Cvm
14%
Daarlerveen Da
14%
Delden Ddn
14%
Delft Dt
14%
Doetinchem Dtc
14%
Doetinchem De Huet Dtch
14%
Deventer Dv
14%
Delfzijl Dz
14%
Echt Ec
14%
Eindhoven Strijp-S Ehs
14%
Eindhoven Stadion Ehst
14%
Emmen Emn
14%
Emmen Zuid Emnz
14%
Enschede Es
14%
Enschede Kennispark Esk
14%
Groningen Gn
14%
Groningen Noord Gnn
14%
Gorinchem Gr
14%
Den Haag HS Gv
14%
Den Haag Centraal Gvc
14%
Hoensbroek Hb
14%
Hardenberg Hdb
14%
Hurdegaryp Hdg
14%
Hoogeveen Hgv
14%
Heemskerk Hk
14%
Harlingen Hlg
14%
Haarlem Hlm
14%
Heiloo Hlo
14%
Helmond Hm
14%
Helmond Brouwhuis Hmbh
14%
Helmond Brandevoort Hmbv
14%
Heerlen Hrl
14%
Haren Hrn
14%
Houten Castellum Htnc
14%
's-Hertogenbosch Oost Hto
14%
Hilversum Noord Hvsn
14%
IJlst IJt
14%
Klarenbeek Kbk
14%
Kerkrade Centrum Krd
14%
Kesteren Ktr
14%
Leerdam Ldm
14%
Lelystad Centrum Lls
14%
Lunteren Ltn
14%
Mariënberg Mrb
14%
Maarn Mrn
14%
Maastricht Randwyck Mtr
14%
Maarheeze Mz
14%
Nuth Nh
14%
Nijkerk Nkk
14%
Nijmegen Dukenburg Nmd
14%
Nijmegen Lent Nml
14%
Nunspeet Ns
14%
Nieuwerkerk aan den IJssel Nwk
14%
Obdam Obd
14%
Oudenbosch Odb
14%
Oldenzaal Odz
14%
Oisterwijk Ot
14%
Overveen Ovn
14%
Purmerend Weidevenne Pmw
14%
Rilland-Bath Rb
14%
Roosendaal Rsd
14%
Rijswijk Rsw
14%
Rotterdam Alexander Rta
14%
Rotterdam Stadion Rtst
14%
Ravenstein Rvs
14%
Spaubeek Sbk
14%
Soestdijk Sd
14%
Scheemda Sda
14%
Schiedam Centrum Sdm
14%
Sliedrecht Sdt
14%
Sliedrecht Baanhoek Sdtb
14%
Schagen Sgn
14%
Schiphol Airport Shl
14%
Sneek Sk
14%
Sneek Noord Sknd
14%
Swalmen Sm
14%
Schinnen Sn
14%
Santpoort Noord Sptn
14%
Santpoort Zuid Sptz
14%
Sassenheim Ssh
14%
Stedum Stm
14%
Stavoren Stv
14%
Soest Zuid Stz
14%
Sauwerd Swd
14%
Steenwijk Swk
14%
Terborg Tbg
14%
Tilburg Reeshof Tbr
14%
Tegelen Tg
14%
Tiel Passewaaij Tpsw
14%
Twello Twl
14%
Uithuizermeeden Uhm
14%
Uithuizen Uhz
14%
Usquert Ust
14%
Uitgeest Utg
14%
Utrecht Lunetten Utln
14%
Utrecht Vaartsche Rijn Utvr
14%
Utrecht Zuilen Utzl
14%
Voorburg Vb
14%
Vorden Vd
14%
Voerendaal Vdl
14%
Veendam Vdm
14%
Vught Vg
14%
Vroomshoop Vhp
14%
Valkenburg Vk
14%
Vierlingsbeek Vlb
14%
Veenendaal Centrum Vndc
14%
Veenendaal West Vndw
14%
Velp Vp
14%
Venray Vry
14%
Vlissingen Vs
14%
Vlissingen Souburg Vss
14%
Voorschoten Vst
14%
Varsseveld Vsv
14%
Vleuten Vtn
14%
Wijchen Wc
14%
Wolfheze Wf
14%
Warffum Wfm
14%
Wehl Wl
14%
Wormerveer Wm
14%
Winsum Wsm
14%
Weert Wt
14%
Westervoort Wtv
14%
Wolvega Wv
14%
Wezep Wz
14%
Zaltbommel Zbm
14%
Zaandam Kogerveld Zdk
14%
Zoetermeer Oost Ztmo
14%
Zevenbergen Zvb
14%
Zaandijk Zaanse Schans Zzs
14%
Almere Poort Ampo
0%
Appingedam Apg
0%
Alphen aan den Rijn Apn
0%
Amersfoort Vathorst Avat
0%
Bodegraven Bdg
0%
Bedum Bdm
0%
Breda-Prinsenbeek Bdpb
0%
Best Bet
0%
Bergen op Zoom Bgn
0%
Boven-Hardinxveld Bhdv
0%
Beek-Elsloo Bk
0%
Bovenkarspel Flora Bkf
0%
Bovenkarspel-Grootebroek Bkg
0%
Breukelen Bkl
0%
Bloemendaal Bll
0%
Brummen Bmn
0%
Boxmeer Bmr
0%
Barneveld Centrum Bnc
0%
Bunnik Bnk
0%
Barneveld Noord Bnn
0%
Barneveld Zuid Bnz
0%
Boskoop Bsk
0%
Boskoop Snijdelwijk Bsks
0%
Bussum Zuid Bsmz
0%
Boxtel Btl
0%
Kapelle-Biezelinge Bzl
0%
Castricum Cas
0%
Culemborg Cl
0%
Capelle Schollevaar Cps
0%
Dordrecht Ddr
0%
Dordrecht Stadspolders Ddrs
0%
Dordrecht Zuid Ddzd
0%
Deinum Dei
0%
Didam Did
0%
Den Dolder Dld
0%
Dalen Dln
0%
Diemen Dmn
0%
Diemen Zuid Dmnz
0%
Deurne Dn
0%
Driehuis Drh
0%
Dronten Dron
0%
Dronryp Drp
0%
Delft Campus Dtz
0%
Deventer Colmschate Dvc
0%
Duivendrecht Dvd
0%
Duiven Dvn
0%
De Vink Dvnk
0%
De Westereen Dwe
0%
Delfzijl West Dzw
0%
Ede-Wageningen Ed
0%
Ede Centrum Edc
0%
Eijsden Edn
0%
Eemshaven Eem
0%
Eygelshoven Egh
0%
Eygelshoven Markt Eghm
0%
Enkhuizen Ekz
0%
Ermelo Eml
0%
Enschede De Eschmarke Ese
0%
Elst Est
0%
Etten-Leur Etn
0%
Franeker Fn
0%
Feanwâlden Fwd
0%
Gramsbergen Gbg
0%
Glanerbrug Gbr
0%
Gouda Goverwelle Gdg
0%
Geldermalsen Gdm
0%
Gaanderen Gdr
0%
Groningen Europapark Gerp
0%
Grijpskerk Gk
0%
Geleen Oost Gln
0%
Hardinxveld-Giessendam Gnd
0%
Geldrop Gp
0%
Goes Gs
0%
Den Haag Mariahoeve Gvm
0%
Den Haag Moerwijk Gvmw
0%
Grou-Jirnsum Gw
0%
Gilze-Rijen Gz
0%
Heemstede-Aerdenhout Had
0%
Hardinxveld Blauwe Zoom Hbzm
0%
't Harde Hde
0%
Den Helder Hdr
0%
Den Helder Zuid Hdrz
0%
Hoofddorp Hfd
0%
Hoogezand-Sappemeer Hgz
0%
Hillegom Hil
0%
Hoogkarspel Hks
0%
Harlingen Haven Hlgh
0%
Haarlem Spaarnwoude Hlms
0%
Helmond 't Hout Hmh
0%
Hemmen-Dodewaard Hmn
0%
Hoorn Kersenboogerd Hnk
0%
Hindeloopen Hnp
0%
Holten Hon
0%
Hollandsche Rading Hor
0%
Heerlen Woonboulevard Hrlw
0%
Horst-Sevenum Hrt
0%
Hoevelaken Hvl
0%
Hilversum Sportpark Hvsp
0%
Halfweg-Zwanenburg Hwzw
0%
Heeze Hze
0%
Krabbendijke Kbd
0%
Veenendaal-De Klomp Klp
0%
Krommenie-Assendelft Kma
0%
Klimmen-Ransdaal Kmr
0%
Koudum-Molkwerum Kmw
0%
Kruiningen-Yerseke Krg
0%
Kropswolde Kw
0%
Koog aan de Zaan Kz
0%
Den Haag Laan van NOI Laa
0%
Leiden Lammenschans Ldl
0%
Leiden Centraal Ledn
0%
Lansingerland-Zoetermeer Llzm
0%
Loppersum Lp
0%
Lichtenvoorde-Groenlo Ltv
0%
Geleen-Lutterade Lut
0%
Maarssen Mas
0%
Meerssen Mes
0%
Mantgum Mg
0%
Mook-Molenhoek Mmlh
0%
Martenshoek Mth
0%
Naarden-Bussum Ndb
0%
Nijmegen Goffert Nmgo
0%
Bad Nieuweschans Nsch
0%
Opheusden Op
0%
Oosterbeek Otb
0%
Amsterdam RAI Rai
0%
Rotterdam Lombardijen Rlb
0%
Houthem-St. Gerlach Sgl
0%
Susteren Srn
0%
Voorst-Empe Vem
0%
Waddinxveen Wad
0%
Waddinxveen Noord Wadn
0%
Waddinxveen Triangel Wadt
0%
Den Haag Ypenburg Ypb
0%
Lage Zwaluwe Zlw
0%
Zandvoort aan Zee Zvt
0%
Geen overeenkomende quizzen gevonden
Scoreverdeling
Procent van Mensen met Elke Score
Percentiel versus Aantal Correcte Antwoorden
Uw Scoregeschiedenis
U heeft deze quiz nog niet genomen